Nanotechnology for Lithium-Ion Batteries

Nanotechnology and lithium-ion battery technology will both play a major role in helping the world solve its growing energy and environmental challenges. Nanotechnology for Lithium-Ion Batteries explores where the two fields converge, with fresh insights into the complex relationship between these r...

Πλήρης περιγραφή

Λεπτομέρειες βιβλιογραφικής εγγραφής
Συγγραφή απο Οργανισμό/Αρχή: SpringerLink (Online service)
Άλλοι συγγραφείς: Abu-Lebdeh, Yaser (Επιμελητής έκδοσης), Davidson, Isobel (Επιμελητής έκδοσης)
Μορφή: Ηλεκτρονική πηγή Ηλ. βιβλίο
Γλώσσα:English
Έκδοση: Boston, MA : Springer US : Imprint: Springer, 2013.
Σειρά:Nanostructure Science and Technology,
Θέματα:
Διαθέσιμο Online:Full Text via HEAL-Link
LEADER 03047nam a22004935i 4500
001 978-1-4614-4605-7
003 DE-He213
005 20151028141334.0
007 cr nn 008mamaa
008 121026s2013 xxu| s |||| 0|eng d
020 |a 9781461446057  |9 978-1-4614-4605-7 
024 7 |a 10.1007/978-1-4614-4605-7  |2 doi 
040 |d GrThAP 
050 4 |a QD478 
072 7 |a TBN  |2 bicssc 
072 7 |a SCI050000  |2 bisacsh 
082 0 4 |a 541.2  |2 23 
245 1 0 |a Nanotechnology for Lithium-Ion Batteries  |h [electronic resource] /  |c edited by Yaser Abu-Lebdeh, Isobel Davidson. 
264 1 |a Boston, MA :  |b Springer US :  |b Imprint: Springer,  |c 2013. 
300 |a X, 282 p.  |b online resource. 
336 |a text  |b txt  |2 rdacontent 
337 |a computer  |b c  |2 rdamedia 
338 |a online resource  |b cr  |2 rdacarrier 
347 |a text file  |b PDF  |2 rda 
490 1 |a Nanostructure Science and Technology,  |x 1571-5744 
505 0 |a Introduction -- Inverse opal nanoarchitectures as Lithium-ion battery materials -- Nano-engineered silicon anodes for Lithium-ion rechargeable batteries -- Tin-based anode materials for Li-ion batteries -- Beyond intercalation: Nanoscaled enabled conversion anode materials for Li-ion batteries -- Graphene-based composite anodes for Lithium-ion batteries -- Nano-sized and nano-structured cathode materials for Li-ion batteries -- Design and properties of LiFePO4 nano-materials for high power applications -- Effect of nanoparticles on electrolytes and electrode/electrolyte interface -- Micro scaled three dimensional architectures for battery applications. 
520 |a Nanotechnology and lithium-ion battery technology will both play a major role in helping the world solve its growing energy and environmental challenges. Nanotechnology for Lithium-Ion Batteries explores where the two fields converge, with fresh insights into the complex relationship between these rapidly growing areas of research. This book covers the basic concepts of nanotechnology, how they relate to lithium-ion batteries, and the effects of using nanomaterials to enhance battery performance. In addition to taking an in-depth look at the emerging research, this book will explore how new discoveries will impact existing and emerging markets, including those related to consumer electronics, automotive technology, and smart grid technology. 
650 0 |a Chemistry. 
650 0 |a Electrochemistry. 
650 0 |a Nanochemistry. 
650 0 |a Electric power production. 
650 1 4 |a Chemistry. 
650 2 4 |a Nanochemistry. 
650 2 4 |a Electrochemistry. 
650 2 4 |a Energy Technology. 
700 1 |a Abu-Lebdeh, Yaser.  |e editor. 
700 1 |a Davidson, Isobel.  |e editor. 
710 2 |a SpringerLink (Online service) 
773 0 |t Springer eBooks 
776 0 8 |i Printed edition:  |z 9781461446040 
830 0 |a Nanostructure Science and Technology,  |x 1571-5744 
856 4 0 |u http://dx.doi.org/10.1007/978-1-4614-4605-7  |z Full Text via HEAL-Link 
912 |a ZDB-2-CMS 
950 |a Chemistry and Materials Science (Springer-11644)